All Pontiac Models - Statistics

General Stats
  • This quiz has been taken 4 times
  • The average score is 15 of 48
Answer Stats
Model % Correct
Firebird
100%
G6
100%
G8
100%
Grand Am
100%
Grand Prix
100%
GTO
100%
Sunbird
100%
Sunfire
100%
Bonneville
75%
Fiero
75%
Solstice
75%
Tempest
75%
Aztek
50%
Montana
50%
1000
25%
2000
25%
6000
25%
Firefly
25%
G3
25%
LeMans
25%
Phoenix
25%
Safari
25%
Super Chief
25%
Torrent
25%
Trans Sport
25%
2+2
0%
Astre
0%
Catalina
0%
Chieftain
0%
Custom S
0%
De-Lux
0%
Executive
0%
Farago
0%
Grand Parisienne
0%
Grand Safari
0%
Grand Ville
0%
GT-37
0%
J2000
0%
Parisienne
0%
Star Chief
0%
Star Chief Executive
0%
Streamliner
0%
T1000
0%
T-37
0%
Tojan
0%
Torpedo
0%
Ventura
0%
Vibe
0%
No matching quizzes found
Score Distribution
Percent of People with Each Score
Percentile by Number Answered
Your Score History
You have not taken this quiz